000 00628nam a22002297a 4500
003 UA-OsUOA
001 40319
007 ta
008 20060724b un ||||| |||| 00| 0 ukr d
100 _aЯмщиков С.
090 _a72
_bЯ59
942 _cBK
040 _aUA-OsUOA
_brus
_cUA-OsUOA
_dUA-OsUOA
245 _aСпасенная красота
_bРассказы о реставрации памятников искусства
300 _a192 с.
955 _a2
041 _arus
080 _a72
260 _aМ.
_bПросвещение
_c1986
650 7 _a72 Архітектура
_2UDC
999 _c326471
_d326471